|
|
|
|
| LEADER |
01235nam a2200301 u 4500 |
| 001 |
10038454 |
| 003 |
upatras |
| 005 |
20210117195759.0 |
| 008 |
010108s2000 sz eng |
| 020 |
|
|
|a 3764362332
|
| 040 |
|
|
|a GR-PaULI
|c GR-PaULI
|
| 041 |
0 |
|
|a eng
|
| 082 |
0 |
4 |
|a 720.92
|
| 245 |
1 |
0 |
|a Christian Hauvette
|b dwellings, movements, machines, truth, metaphor, narrative
|c preface by Alice Laguarda and Paul Ardenne; text by Denis Pondruel, Didier Laroque, Stan Neumann...[et al.]
|
| 260 |
|
|
|a Basel
|b Birkhauser
|c 2000
|
| 300 |
|
|
|a 157 p.
|b phot.
|c 28 cm.
|
| 600 |
1 |
4 |
|a Hauvette- Christian
|d 1944-
|9 26350
|
| 650 |
|
4 |
|a Αρχιτεκτονική
|y 20ός αιώνας
|9 6376
|
| 700 |
1 |
|
|a Laguarda, Alice
|4 aui
|9 26413
|
| 700 |
1 |
|
|a Ardenne, Paul
|4 aui
|9 26414
|
| 700 |
1 |
|
|a Pondruel, Denis
|4 aut
|9 26415
|
| 700 |
1 |
|
|a Laroque, Didier
|4 aut
|9 26416
|
| 700 |
1 |
|
|a Neumann, Stan
|4 aut
|9 26417
|
| 852 |
|
|
|a GR-PaULI
|b ΠΑΤΡΑ
|b ΑΡΧΙΤΕΚΤΟΝΙΚΗ
|k ΑΣΧΞ-2
|h 720.92 HAN
|m 000775
|p 025000089310
|t 1
|
| 942 |
|
|
|2 ddc
|c BK15
|
| 952 |
|
|
|0 0
|1 0
|4 0
|6 720_920000000000000_HAN
|7 0
|9 24690
|a ARCH
|b ARCH
|d 2016-04-24
|i 000775
|l 0
|o 720.92 HAN
|p 025000089310
|r 2016-04-24 00:00:00
|t 1
|w 2016-04-24
|y BK15
|
| 998 |
|
|
|c MANIAKH
|d 2001-01
|
| 999 |
|
|
|c 15589
|d 15589
|